Las teorías del sueño en la filosofía antigua

Entre las investigaciones aristotélicas de biología se indaga cuáles seres vivientes se encuentran sujetos a la dualidad vigilia-sueño, así como la naturaleza y origen de estos fenómenos, puntualmente en los Parva Naturalia. Cappelletti considera que el estudio aristotélico coloca al Estagirita por...

Popoln opis

Shranjeno v:
Bibliografske podrobnosti
Glavni avtor: Cappelletti, Angel
Format: Knjiga
Jezik:Undetermined
Izdano: México, Distrito Federal Fondo de Cultura Económica, 1989 1989
Izdaja:2 ed.
Teme:
Oznake: Označite
Brez oznak, prvi označite!

MARC

LEADER 00000nam a2200000Ia 4500
008 170316s9999 xx 000 0 und d
040 |a cru BVZT 
090 |a 100 C-11te 
100 |a Cappelletti, Angel  |9 1568 
245 |a Las teorías del sueño en la filosofía antigua  |c / Angel Cappelletti 
250 |a 2 ed. 
260 |a México, Distrito Federal  |b Fondo de Cultura Económica, 1989  |c 1989 
300 |a 151 páginas 
520 |a Entre las investigaciones aristotélicas de biología se indaga cuáles seres vivientes se encuentran sujetos a la dualidad vigilia-sueño, así como la naturaleza y origen de estos fenómenos, puntualmente en los Parva Naturalia. Cappelletti considera que el estudio aristotélico coloca al Estagirita por encima de sus predecesores respecto a estas cuestiones y que marca un punto de partida determinante para sus sucesores. Así, esta obra trata el estudio de estos fenómenos en la filosofía prearistotélica en el primer capítulo, el desarrollo en las obras aristotélicas y en los siguientes tres y la indagación posaristotélica en el último 
650 |a FILOSOFÍA  |9 5 
999 |c 15834  |d 15834 
942 |c 15 D  |h 100 C-11te  |2 z